Tragedias [de Eurípides] : Medea / Hipólito / Las troyanas / Las bacantes / Ifigenia en Aulide / Ifigenia en Táuride / Hécuba /

Guardado en:
Detalles Bibliográficos
Autor principal: Eurípides (autor)
Formato: Libro
Idioma:Español
Publicado: México : UNAM, 1921
Etiquetas: Agrega una etiqueta
Sin etiquetas, Sé el primero en etiquetar este registro!

MARC

LEADER 00000nam^a2200000^a^4500
001 000423646
005 20250526000000.0
009 20260310122632.308
037 |a Acervo ITESO - Biblioteca 
041 |a ESP 
091 |a FHM. 01308 
100 |a Eurípides  |e (autor) 
245 1 0 |a Tragedias [de Eurípides] :  |b Medea / Hipólito / Las troyanas / Las bacantes / Ifigenia en Aulide / Ifigenia en Táuride / Hécuba / 
264 1 |a México :  |b UNAM,  |c 1921 
300 |a 433 p. ;  |c 19.0 cm. 
336 |a texto  |b txt  |2 rdacontenido 
337 |a sin mediación  |b n  |2 rdamedio 
338 |a volumen  |b nc  |2 rdasoporte 
649 |a XX 
910 |a Fondo Hugo B. Margáin 
920 |a Impresos - Libros 
930 |a Libros Antiguos y Raros 
940 |a Literatura 
905 |a 126 
901 |a 0500309019  |b IT2  |c LRA  |i D117513  |u 20250526 
901 |a 0500340541  |b IT2  |c LRA  |i D117512  |u 20250526 
902 |a https://opac.biblio.iteso.mx/vufind/Record/000423646